| 000 | 00484nam a2200181Ia 4500 | ||
|---|---|---|---|
| 003 | GCL | ||
| 008 | 140319s9999 xx 000 0 eng d | ||
| 040 |
_aGCL / _cGCL |
||
| 082 | 0 | 4 |
_aREF _b423 _bF T |
| 100 | 1 | _aFOX, F . G | |
| 245 | 1 | 0 |
_aTHE CONCISE - OXFORD DICTIONARY OF OARENT ENGLISH / _cFOX, F . G |
| 700 | 1 | _aFOWLER, H.W | |
| 260 |
_a[S.N] : _bCLAREDON PRESS OXFORD ، _c1995 |
||
| 300 | _a1680P | ||
| 650 | 0 | 4 | _aDICTIONARIES |
| 650 | 0 | 4 | _aENGLISH LANGUAGE |
| 942 |
_2ddc _cBK |
||
| 999 |
_c10813 _d10813 |
||